Central Library OPAC University of Rajshahi

Financial management and policy / (Record no. 55470)

MARC details
000 -LEADER
fixed length control field 00852nam a2200277 a 4500
001 - CONTROL NUMBER
control field 55470
003 - CONTROL NUMBER IDENTIFIER
rucl marc code BD-RjUL
005 - DATE AND TIME OF LATEST TRANSACTION
control field 20211209080253.0
008 - FIXED-LENGTH DATA ELEMENTS--GENERAL INFORMATION
fixed length control field 170104m1996 ii a|||| |||| 001 0 eng d
020 ## - INTERNATIONAL STANDARD BOOK NUMBER
International Standard Book Number 8120309774 :
International Standard Book Number 0133001954
035 ## - SYSTEM CONTROL NUMBER
System control number (BD-RjUL)55593
040 ## - CATALOGING SOURCE
Original cataloging agency BD-RjUL
Language of cataloging eng
Modifying agency BD-RjUL
Transcribing agency BD-RjUL
041 ## - LANGUAGE CODE
Language code of text/sound track or separate title eng
082 ## - DEWEY DECIMAL CLASSIFICATION NUMBER
Edition number 23
Classification number 658.15
Author mark and year VAF 1995
100 1# - MAIN ENTRY--PERSONAL NAME
Personal name Van Horne, James C.
9 (RLIN) 165239
245 10 - TITLE STATEMENT
Title Financial management and policy /
Statement of responsibility, etc. James C. Van Horne.
250 ## - EDITION STATEMENT
Edition statement 10th ed.
260 ## - PUBLICATION, DISTRIBUTION, ETC. (IMPRINT)
Place of publication, distribution, etc. New Delhi :
Name of publisher, distributor, etc. Prentice-Hall International,
Date of publication, distribution, etc. c1995 [Printing 1996]
Place of publication, distribution, etc. New Jersey :
Name of publisher, distributor, etc. Prentice-Hall Englewood Cliffs,
Date of publication, distribution, etc. c1995
300 ## - PHYSICAL DESCRIPTION
Pagination xix, 858 p. :
Illustrations ill. ;
Size 26 cm.
500 ## - GENERAL NOTE
General note Includes index.
650 #0 - SUBJECT ADDED ENTRY--TOPICAL TERM
Topical term or geographic name as entry element Corporations
General subdivision Finance.
9 (RLIN) 165240
Topical term or geographic name as entry element Financieel management.
9 (RLIN) 165241
942 ## - ADDED ENTRY ELEMENTS (KOHA)
Source of classification or shelving scheme Dewey Decimal Classification
Koha item type Books
Holdings
Lost status Source of classification or shelving scheme Damaged status Not for loan Collection code Permanent Location Current Location Shelving location Date acquired Source of acquisition Cost, normal purchase price Total Checkouts Full call number Date last seen Copy number Koha item type
  Dewey Decimal Classification     Non-fiction Central Library, University of Rajshahi Central Library, University of Rajshahi   01/07/1999 Dhaka aligorh library 295.00   658.15 VAF 1996 17/11/2016 C-2 Books
  Dewey Decimal Classification   Not For Loan Non-fiction Central Library, University of Rajshahi Central Library, University of Rajshahi Reading Room 15/02/1999 karim International, Dhaka 287.00   658.15 VAF 1996 04/01/2017 C-1 Books
  Dewey Decimal Classification     Non-fiction Central Library, University of Rajshahi Central Library, University of Rajshahi   07/02/1996 Tulip Interprise , Dhaka 69.00   658.15 VAF 1996 28/05/2019 C-3 Books
  Dewey Decimal Classification     Non-fiction Central Library, University of Rajshahi Central Library, University of Rajshahi   07/02/1996 Tulip Interprise , Dhaka 69.00   658.15 VAF 1996 28/05/2019 C-4 Books
  Dewey Decimal Classification     Non-fiction Central Library, University of Rajshahi Central Library, University of Rajshahi   04/07/2019       658.15 VAF 1996 04/07/2019 C-5 Books
  Dewey Decimal Classification     Non-fiction Central Library, University of Rajshahi Central Library, University of Rajshahi   01/07/1999 Aligarh library, Dhaka 295.00   658.15 VAF 1995 21/07/2019 C-6 Books
  Dewey Decimal Classification     Non-fiction Central Library, University of Rajshahi Central Library, University of Rajshahi   01/07/1999 Aligarh library, Dhaka 295.00   658.15 VAF 1995 21/07/2019 C-7 Books
  Dewey Decimal Classification     Non-fiction Central Library, University of Rajshahi Central Library, University of Rajshahi   01/07/1999 Aligarh library, Dhaka 295.00   658.15 VAF 1995 21/07/2019 C-8 Books